|
|
|
|
| LEADER |
00864nam a22001697a 4500 |
| 008 |
210205b ||||| |||| 00| 0 mal d |
| 082 |
|
|
|a 851.572
|
| 100 |
|
|
|a വിഷ്ണുനാരായണൻ,നമ്പൂതിരി
|
| 245 |
|
|
|a ഇന്ത്യ എന്ന വികാരം :
|b കവിതകൾ /
|c വിഷ്ണുനാരായണൻ,നമ്പൂതിരി
|
| 246 |
|
|
|a india enna vikaram:
|b kavithakal /
|
| 250 |
|
|
|a 5
|
| 260 |
|
|
|a കോട്ടയം :
|b സാഹിത്യപ്രവർത്തക സഹകരണസംഘം ,
|c 2010
|
| 300 |
|
|
|a 95p;
|
| 650 |
|
7 |
|2 fast
|a മലയാളം കവിത
|9 1580014
|
| 942 |
|
|
|c BK
|
| 999 |
|
|
|c 354923
|d 354923
|
| 952 |
|
|
|0 0
|1 0
|2 ddc
|4 0
|6 851_572000000000000_IND
|7 0
|9 411770
|a UL
|b UL
|c PROC
|d 2021-02-05
|e Donation -I.G.Bhaskara Panikker Family
|o 851.572 IND
|p G12083
|r 2021-02-05
|v 70.00
|w 2021-02-05
|y BK
|